000 00313nas a2200145 a 4500
001 72877
003 147121
005 20201118111054.0
008 ||||||n9999 ||| || ||
245 0 _aNueva Frontera - No.171
260 _c1978.
562 _e0
773 _016068
_aNueva Frontera
942 _cSISS
999 _c72877
_d72877